[Event "34.Gold-Cup 2006 Meran"]
[Site "Meran/Südtirol (21.4.-29.4)"]
[Date "2006.04.21"]
[Round "1.1"]
[White "Krieger, Hermann"]
[Black "Gerhards, Walter"]
[Result "1-0"]
[WhiteElo "2155"]
[BlackElo "1859"]
[PlyCount "51"]
[EventDate "2006.04.??"]
[Source "Chess-Org"]
[SourceDate "2006.09.01"]

1. e4 e5 2. Nf3 Nc6 3. Bb5 Nf6 4. O-O Be7 5. Re1 d6 6. d4 exd4 7. Nxd4 Bd7 8.
Nc3 O-O 9. Be2 Nxd4 10. Qxd4 Bc6 11. Be3 Nd7 12. Nd5 Bf6 13. Nxf6+ Qxf6 14. f3
Qg6 15. b4 a6 16. a4 Ne5 17. Qc3 f5 18. b5 fxe4 19. bxc6 exf3 20. Bf1 fxg2 21.
Bxg2 Nf3+ 22. Kh1 Nxe1 23. Rxe1 bxc6 24. Bxc6 Rab8 25. Bd5+ Kh8 26. Rg1 1-0

[Event "34.Gold-Cup 2006 Meran"]
[Site "Meran/Südtirol (21.4.-29.4)"]
[Date "2006.04.21"]
[Round "1.2"]
[White "Kreie, Guenter"]
[Black "Siegmund, Rainer"]
[Result "1/2-1/2"]
[WhiteElo "1812"]
[BlackElo "2033"]
[PlyCount "64"]
[EventDate "2006.04.??"]
[Source "Chess-Org"]
[SourceDate "2006.09.01"]

1. e4 c5 2. Nf3 Nc6 3. d4 cxd4 4. Nxd4 Nf6 5. Nc3 e5 6. Ndb5 d6 7. Be2 a6 8.
Na3 b5 9. Nd5 Nxd5 10. Qxd5 Bb7 11. c3 Rb8 12. Qd1 Be7 13. O-O O-O 14. Be3 Bf6
15. Nc2 Ne7 16. f3 Qc7 17. Qe1 d5 18. Bd3 Rfd8 19. Qf2 Rd6 20. Rad1 dxe4 21.
Bxe4 Bxe4 22. fxe4 Rbd8 23. Qe2 Qd7 24. Rxd6 Qxd6 25. Ne1 Ng6 26. g3 Nf8 27.
Qg4 Qe6 28. Qxe6 Nxe6 29. Nf3 Kf8 30. Kf2 Ke7 31. Ke2 h6 32. h4 h5 1/2-1/2

[Event "34.Gold-Cup 2006 Meran"]
[Site "Meran/Südtirol (21.4.-29.4)"]
[Date "2006.04.21"]
[Round "1.3"]
[White "Kelchner, Hans"]
[Black "Willin, Bernhard[51SUI]"]
[Result "1/2-1/2"]
[WhiteElo "2019"]
[BlackElo "1809"]
[PlyCount "38"]
[EventDate "2006.04.??"]
[Source "Chess-Org"]
[SourceDate "2006.09.01"]

1. d4 Nf6 2. Nf3 g6 3. c4 Bg7 4. Nc3 d6 5. e4 O-O 6. Be2 Nbd7 7. O-O e5 8. h3
exd4 9. Nxd4 Re8 10. f3 Nh5 11. Re1 Be5 12. Bf1 Nf8 13. Nde2 g5 14. g4 Ng7 15.
Be3 Nge6 16. Bf2 Ng6 17. Rb1 c6 18. Ng3 Nef4 19. Nf5 Qf6 1/2-1/2

[Event "34.Gold-Cup 2006 Meran"]
[Site "Meran/Südtirol (21.4.-29.4)"]
[Date "2006.04.21"]
[Round "1.4"]
[White "Schweitzer, Paul"]
[Black "Graf, Joachim[60]"]
[Result "0-1"]
[WhiteElo "1645"]
[BlackElo "2036"]
[PlyCount "62"]
[EventDate "2006.04.??"]
[Source "Chess-Org"]
[SourceDate "2006.09.01"]

1. Nf3 c5 2. e3 Nc6 3. c3 d5 4. d4 e6 5. Be2 Nf6 6. O-O Bd6 7. dxc5 Bxc5 8. Nd4
O-O 9. Nd2 e5 10. N4b3 Bb6 11. Nf3 Bf5 12. Nh4 Be6 13. g3 Qe7 14. a3 Rad8 15.
Qc2 Ne4 16. Nd2 Nd6 17. b4 Bh3 18. Ng2 d4 19. cxd4 exd4 20. Bd3 dxe3 21. Bxh7+
Kh8 22. Ne4 Nxe4 23. Bxe4 Nd4 24. Qb1 Ne2+ 25. Kh1 Nc3 26. Qc2 e2 27. Bb2
exf1=Q+ 28. Rxf1 Qxe4 29. Qxe4 Nxe4 30. Be5 Nxf2+ 31. Rxf2 Rd1+ 0-1

[Event "34.Gold-Cup 2006 Meran"]
[Site "Meran/Südtirol (21.4.-29.4)"]
[Date "2006.04.21"]
[Round "1.5"]
[White "Kleifges, Matthias Dr.[63]"]
[Black "Selkind, Leo"]
[Result "1-0"]
[WhiteElo "1996"]
[BlackElo "1814"]
[PlyCount "61"]
[EventDate "2006.04.??"]
[Source "Chess-Org"]
[SourceDate "2006.09.01"]

1. e4 c5 2. c3 d5 3. exd5 Qxd5 4. d4 cxd4 5. cxd4 e5 6. dxe5 Qxe5+ 7. Be2 Nc6
8. Nf3 Bb4+ 9. Nbd2 Qc7 10. O-O Nf6 11. a3 Be7 12. Bb5 O-O 13. Re1 Bg4 14. h3
Bh5 15. Qc2 Rac8 16. Bxc6 bxc6 17. Ne5 Bg6 18. Nxg6 hxg6 19. Nc4 Nd5 20. Bd2
Bf6 21. Rac1 Qb7 22. Nd6 Qxb2 23. Nxc8 Qxa3 24. Qxc6 Qd3 25. Rcd1 Qf5 26. Re8
Rxe8 27. Qxe8+ Kh7 28. Nd6 Qc2 29. Qe1 Bd4 30. Rc1 Qd3 31. Nxf7 1-0

[Event "34.Gold-Cup 2006 Meran"]
[Site "Meran/Südtirol (21.4.-29.4)"]
[Date "2006.04.21"]
[Round "1.6"]
[White "Meinke, Dietlind"]
[Black "Muscolino, Attilio"]
[Result "0-1"]
[WhiteElo "1745"]
[BlackElo "1797"]
[PlyCount "80"]
[EventDate "2006.04.??"]
[Source "Chess-Org"]
[SourceDate "2006.09.01"]

1. e4 c5 2. Nc3 Nc6 3. f4 e6 4. Nf3 Nf6 5. e5 Nd5 6. Nxd5 exd5 7. Bb5 Be7 8.
O-O Qb6 9. Bxc6 dxc6 10. d4 Bf5 11. Kh1 O-O 12. b3 Qa6 13. Be3 b6 14. h3 Qc8
15. Kh2 Be4 16. g4 cxd4 17. Bxd4 c5 18. Bf2 d4 19. Qe2 Bb7 20. Rae1 Ba6 21. Qd1
Bxf1 22. Rxf1 f6 23. Bg3 fxe5 24. Nxe5 Bd6 25. Re1 Qc7 26. Re4 b5 27. Qe1 Rae8
28. Nd3 Rxe4 29. Qxe4 Qe7 30. Qxe7 Bxe7 31. f5 g6 32. fxg6 hxg6 33. Kg2 Rf6 34.
Bh4 Re6 35. Nf4 Re4 36. Bxe7 Rxe7 37. h4 Kf7 38. Kf2 a5 39. a3 Re3 40. Nd3 c4
0-1

[Event "34.Gold-Cup 2006 Meran"]
[Site "Meran/Südtirol (21.4.-29.4)"]
[Date "2006.04.21"]
[Round "1.7"]
[White "Josting, Friedel"]
[Black "Schuchardt, Heinz"]
[Result "0-1"]
[WhiteElo "1800"]
[BlackElo "1735"]
[PlyCount "104"]
[EventDate "2006.04.??"]
[Source "Chess-Org"]
[SourceDate "2006.09.01"]

1. d4 Nf6 2. c4 e6 3. Nf3 b6 4. Nc3 Bb7 5. Bg5 h6 6. Bh4 Bb4 7. e3 d6 8. Qa4+
Nc6 9. d5 Bxc3+ 10. bxc3 exd5 11. cxd5 Qd7 12. dxc6 Bxc6 13. Qc2 g5 14. Bg3 g4
15. Nd4 Be4 16. Qd2 a6 17. f3 Bb7 18. Be2 O-O-O 19. O-O Rde8 20. Rae1 Rhg8 21.
Bh4 gxf3 22. Bxf3 Ne4 23. Qd3 Qh3 24. Bg3 Rxg3 25. hxg3 Qxg3 26. Ne2 Qg5 27.
Nf4 Kb8 28. c4 Nc5 29. Qe2 Bc8 30. Rd1 Rg8 31. Rd5 Qe7 32. Nd3 Ne6 33. Bg4 Bb7
34. Rh5 Nd4 35. Qd1 Qxe3+ 36. Kh2 Qe4 37. Nf4 f5 38. Bh3 Ne6 39. Nd5 Qe5+ 40.
Kh1 Qg7 41. Rhxf5 Ng5 42. Qg4 Bc8 43. Rxg5 hxg5 44. Qe4 g4 45. Nf6 gxh3 46.
Nxg8 hxg2+ 47. Qxg2 Bb7 48. Rf3 Qh7+ 49. Kg1 Bxf3 50. Qg3 Qb1+ 51. Kf2 Bb7 52.
Qb3 Qf5+ 0-1

[Event "34.Gold-Cup 2006 Meran"]
[Site "Meran/Südtirol (21.4.-29.4)"]
[Date "2006.04.21"]
[Round "1.8"]
[White "Hapke, Yvonne[75]"]
[Black "Klages, Hans Juergen"]
[Result "0-1"]
[WhiteElo "1578"]
[BlackElo "2051"]
[PlyCount "82"]
[EventDate "2006.04.??"]
[Source "Chess-Org"]
[SourceDate "2006.09.01"]

1. e4 c5 2. Nf3 Nc6 3. d4 cxd4 4. Nxd4 d6 5. Nc3 Nf6 6. f3 e5 7. Nb3 Be7 8. Be3
Be6 9. Qd2 d5 10. exd5 Nxd5 11. Nxd5 Qxd5 12. O-O-O Rd8 13. Qxd5 Rxd5 14. Rxd5
Bxd5 15. Bb5 a6 16. Rd1 Bxf3 17. gxf3 axb5 18. Nc5 Bxc5 19. Bxc5 h5 20. Rd3 Rh6
21. c3 Rg6 22. Rd2 Rf6 23. Rd3 g5 24. Kd1 Re6 25. Ke2 f5 26. Kf2 g4 27. Kg2 f4
28. a3 e4 29. fxe4 Rxe4 30. Kf2 h4 31. Rd2 Ne5 32. b3 Nf3 33. Rd5 Nxh2 34. Rf5
h3 35. Rf8+ Kd7 36. Rg8 g3+ 37. Rxg3 fxg3+ 38. Kxg3 Nf1+ 39. Kxh3 Nd2 40. b4
Nc4 41. Kg2 Nxa3 0-1

[Event "34.Gold-Cup 2006 Meran"]
[Site "Meran/Südtirol (21.4.-29.4)"]
[Date "2006.04.21"]
[Round "1.9"]
[White "Perk, Egbert"]
[Black "Otto, Klaus[41Triebes]"]
[Result "1-0"]
[WhiteElo "1886"]
[BlackElo "1503"]
[PlyCount "53"]
[EventDate "2006.04.??"]
[Source "Chess-Org"]
[SourceDate "2006.09.01"]

1. d4 Nf6 2. c4 e5 3. dxe5 Ng4 4. Nf3 Nc6 5. Nbd2 Ngxe5 6. e4 d6 7. h3 Be6 8.
Be2 Be7 9. O-O O-O 10. a3 f5 11. b3 Bf6 12. Ra2 Nxf3+ 13. Bxf3 Nd4 14. exf5
Bxf5 15. Bxb7 Rb8 16. Bd5+ Kh8 17. b4 Qd7 18. Ne4 Be5 19. f4 Bf6 20. Nxf6 Rxf6
21. Qxd4 Rg6 22. Kh2 Re8 23. Raf2 Rh6 24. b5 Bxh3 25. f5 Bxg2+ 26. Bxh6 Bxf1
27. Bc6 1-0

[Event "34.Gold-Cup 2006 Meran"]
[Site "Meran/Südtirol (21.4.-29.4)"]
[Date "2006.04.21"]
[Round "1.11"]
[White "Jacob, Konrad"]
[Black "Wagner, Gerhard[50Windach]"]
[Result "1-0"]
[WhiteElo "1772"]
[BlackElo "1399"]
[PlyCount "89"]
[EventDate "2006.04.??"]
[Source "Chess-Org"]
[SourceDate "2006.09.01"]

1. e4 c5 2. Nf3 d6 3. d4 cxd4 4. c3 dxc3 5. Nxc3 a6 6. Bc4 h6 7. Qe2 Bd7 8. O-O
e6 9. Rd1 b5 10. Bb3 b4 11. Na4 Bb5 12. Qe3 Be7 13. Nb6 Ra7 14. Nd5 Rd7 15.
Nxb4 Nf6 16. a4 Qa5 17. Bd2 Qd8 18. axb5 axb5 19. Rdc1 O-O 20. Ra8 Rb7 21. Nc6
Qd7 22. Nfd4 e5 23. Nxe7+ Qxe7 24. Nf5 Qd7 25. Nxg7 Qg4 26. Nf5 Qxe4 27. Nxd6
Qxe3 28. Bxe3 Rd7 29. Nxb5 Ng4 30. Rc3 Nxe3 31. Rxe3 Rd2 32. Rxe5 Rxb2 33. Bc4
Rb1+ 34. Bf1 Rc8 35. g3 Rcc1 36. Rxb8+ Kg7 37. Rb7 Rxf1+ 38. Kg2 Kf6 39. Re3
Kg6 40. Nd6 Rg1+ 41. Kf3 Rbc1 42. Nxf7 Rc5 43. g4 h5 44. Re6+ Kg7 45. Nd6+ 1-0

[Event "34.Gold-Cup 2006 Meran"]
[Site "Meran/Südtirol (21.4.-29.4)"]
[Date "2006.04.21"]
[Round "1.12"]
[White "Kuhn, Hans[50]"]
[Black "Wulf, Adalbert"]
[Result "0-1"]
[WhiteElo "1317"]
[BlackElo "1755"]
[PlyCount "74"]
[EventDate "2006.04.??"]
[Source "Chess-Org"]
[SourceDate "2006.09.01"]

1. e4 d5 2. exd5 Nf6 3. Nc3 Nxd5 4. Qf3 e6 5. d4 Nxc3 6. Qxc3 Nc6 7. Bb5 Bd7 8.
Bxc6 Bxc6 9. Nf3 Bd6 10. O-O O-O 11. Ne5 Bd5 12. Bf4 Rc8 13. Qg3 f6 14. Nf3 Qd7
15. b3 Bxf4 16. Qxf4 Qc6 17. Ne1 Rce8 18. c4 Be4 19. f3 Bg6 20. Rf2 e5 21. d5
exf4 22. dxc6 bxc6 23. Rd2 Rd8 24. Rad1 Rxd2 25. Rxd2 Bf5 26. Kf2 Re8 27. Nd3
g5 28. Nb4 Re6 29. Rd8+ Kf7 30. Rd7+ Kg6 31. Rxc7 Rd6 32. Rxc6 Rd2+ 33. Kg1 a5
34. Nd5 Bd3 35. Nxf6 Kf7 36. Nd5 Rd1+ 37. Kf2 Rf1# 0-1

[Event "34.Gold-Cup 2006 Meran"]
[Site "Meran/Südtirol (21.4.-29.4)"]
[Date "2006.04.22"]
[Round "2.1"]
[White "Marek, Herbert"]
[Black "Krieger, Hermann"]
[Result "0-1"]
[WhiteElo "1622"]
[BlackElo "2155"]
[PlyCount "66"]
[EventDate "2006.04.??"]
[Source "Chess-Org"]
[SourceDate "2006.09.01"]

1. d4 f5 2. Qd3 g6 3. g4 fxg4 4. h3 g3 5. f4 e6 6. e4 Bg7 7. c3 Nf6 8. Bg2 Nh5
9. f5 exf5 10. exf5 Qf6 11. Be3 Qxf5 12. Be4 g2 13. Bxf5 gxh1=Q 14. Bxg6+ hxg6
15. Qxg6+ Kf8 16. Nd2 Qc6 17. Qc2 Qe6 18. O-O-O Qxe3 19. Rf1+ Nf6 20. Ngf3 d6
21. Re1 Qf4 22. Qb3 Rxh3 23. Rf1 Bh6 24. Kb1 Qf5+ 25. Ka1 d5 26. Qb4+ Ke8 27.
Ng1 Qg6 28. Re1+ Re3 29. Rf1 Nc6 30. Qc5 Bf5 31. Ngf3 Qg2 32. Rd1 Rxf3 33. Nxf3
Qxf3 0-1

[Event "34.Gold-Cup 2006 Meran"]
[Site "Meran/Südtirol (21.4.-29.4)"]
[Date "2006.04.22"]
[Round "2.2"]
[White "Graf, Joachim[60]"]
[Black "Perk, Egbert"]
[Result "1-0"]
[WhiteElo "2036"]
[BlackElo "1886"]
[PlyCount "58"]
[EventDate "2006.04.??"]
[Source "Chess-Org"]
[SourceDate "2006.09.01"]

1. d4 Nf6 2. Nf3 d6 3. c4 c6 4. Nc3 Nbd7 5. g3 e5 6. Bg2 Be7 7. O-O O-O 8. e4
Ne8 9. Qe2 Bf6 10. Be3 Nc7 11. Rad1 Qe7 12. d5 c5 13. Ne1 Re8 14. Nd3 Nb6 15.
Nxc5 dxc5 16. d6 Qe6 17. dxc7 Qxc4 18. Qxc4 Nxc4 19. Bxc5 b6 20. b3 Na5 21. Be3
Ba6 22. Rfe1 Rac8 23. Nd5 Bb7 24. Bh3 Ra8 25. Rc1 Bc8 26. Bf1 Bd7 27. Ba6 Bc8
28. Bb5 Rf8 29. Red1 a6 1-0

[Event "34.Gold-Cup 2006 Meran"]
[Site "Meran/Südtirol (21.4.-29.4)"]
[Date "2006.04.22"]
[Round "2.3"]
[White "Wulf, Adalbert"]
[Black "Kleifges, Matthias Dr.[63]"]
[Result "1/2-1/2"]
[WhiteElo "1755"]
[BlackElo "1996"]
[PlyCount "59"]
[EventDate "2006.04.??"]
[Source "Chess-Org"]
[SourceDate "2006.09.01"]

1. d4 e6 2. Nf3 d5 3. Bf4 c5 4. c3 Nc6 5. e3 Nf6 6. Bd3 cxd4 7. exd4 Bd6 8. Bg3
O-O 9. O-O Ne4 10. Bxd6 Qxd6 11. Nfd2 f5 12. Na3 a6 13. Rc1 Bd7 14. f3 Ng5 15.
Qe1 e5 16. dxe5 Nxe5 17. Bb1 Rae8 18. Qf2 Ne6 19. Nb3 Nf4 20. Rcd1 Ba4 21. Rd2
Bxb3 22. axb3 Re6 23. Qh4 Nc6 24. Re1 Qc5+ 25. Kf1 Rxe1+ 26. Qxe1 d4 27. b4 Qd5
28. Qd1 g5 29. c4 Qe5 30. b5 1/2-1/2

[Event "34.Gold-Cup 2006 Meran"]
[Site "Meran/Südtirol (21.4.-29.4)"]
[Date "2006.04.22"]
[Round "2.4"]
[White "Muscolino, Attilio"]
[Black "Jacob, Konrad"]
[Result "1/2-1/2"]
[WhiteElo "1797"]
[BlackElo "1772"]
[PlyCount "42"]
[EventDate "2006.04.??"]
[Source "Chess-Org"]
[SourceDate "2006.09.01"]

1. e4 c6 2. d4 d5 3. e5 Bf5 4. Nf3 e6 5. Be2 Bb4+ 6. c3 Ba5 7. O-O Ne7 8. Nbd2
Nd7 9. b4 Bc7 10. b5 c5 11. a4 c4 12. Nh4 Ba5 13. Bb2 h6 14. Nxf5 Nxf5 15. f4
Ne3 16. Qe1 Nxf1 17. Nxf1 g6 18. Ba3 Nb6 19. Bc5 Nd7 20. Bd6 Bc7 21. Bb4 Ba5
1/2-1/2

[Event "34.Gold-Cup 2006 Meran"]
[Site "Meran/Südtirol (21.4.-29.4)"]
[Date "2006.04.22"]
[Round "2.6"]
[White "Siegmund, Rainer"]
[Black "Kelchner, Hans"]
[Result "1/2-1/2"]
[WhiteElo "2033"]
[BlackElo "2019"]
[PlyCount "44"]
[EventDate "2006.04.??"]
[Source "Chess-Org"]
[SourceDate "2006.09.01"]

1. d4 f5 2. c4 Nf6 3. g3 e6 4. Bg2 d5 5. Nf3 c6 6. O-O Bd6 7. b3 Qe7 8. Bb2 O-O
9. Qc1 Bd7 10. Ba3 Be8 11. Bxd6 Qxd6 12. Qa3 Qxa3 13. Nxa3 Bh5 14. Nb1 Nbd7 15.
Re1 Ne4 16. Nbd2 Nxd2 17. Nxd2 g5 18. e3 b5 19. f4 h6 20. cxb5 cxb5 21. Rac1
Rfc8 22. b4 Be8 1/2-1/2

[Event "34.Gold-Cup 2006 Meran"]
[Site "Meran/Südtirol (21.4.-29.4)"]
[Date "2006.04.22"]
[Round "2.7"]
[White "Willin, Bernhard[51SUI]"]
[Black "Kreie, Guenter"]
[Result "1/2-1/2"]
[WhiteElo "1809"]
[BlackElo "1812"]
[PlyCount "91"]
[EventDate "2006.04.??"]
[Source "Chess-Org"]
[SourceDate "2006.09.01"]

1. Nf3 Nf6 2. d4 e6 3. e3 c5 4. Bd3 d5 5. b3 cxd4 6. exd4 Nc6 7. O-O Be7 8.
Nbd2 Nb4 9. Be2 Ne4 10. Bb2 O-O 11. a3 Nc6 12. Bd3 f5 13. Ne5 Bd7 14. f4 Be8
15. b4 Rc8 16. Nxc6 Rxc6 17. Nf3 Bh5 18. Qe1 Bf6 19. Rc1 Qb6 20. Ne5 Bxe5 21.
fxe5 Qd8 22. c4 Qg5 23. cxd5 exd5 24. Rxc6 bxc6 25. Bc1 Qg6 26. Bf4 Qe6 27. Qh4
Be8 28. Qd8 c5 29. Qa5 cxb4 30. axb4 g5 31. Bc1 Qb6 32. Qxb6 axb6 33. Bxe4 fxe4
34. Bxg5 Rxf1+ 35. Kxf1 b5 36. Kf2 Kf7 37. Ke3 Kg7 38. h3 h5 39. Bh4 Bd7 40.
Be1 Be6 41. Bd2 Bd7 42. Kf2 Kg6 43. Kg3 Be6 44. Kf4 Bd7 45. g4 hxg4 46. hxg4
1/2-1/2

[Event "34.Gold-Cup 2006 Meran"]
[Site "Meran/Südtirol (21.4.-29.4)"]
[Date "2006.04.22"]
[Round "2.8"]
[White "Hapke, Yvonne[75]"]
[Black "Josting, Friedel"]
[Result "1/2-1/2"]
[WhiteElo "1578"]
[BlackElo "1800"]
[PlyCount "60"]
[EventDate "2006.04.??"]
[Source "Chess-Org"]
[SourceDate "2006.09.01"]

1. e4 c5 2. Nf3 Nc6 3. d4 cxd4 4. Nxd4 e6 5. Nc3 a6 6. Be3 Nf6 7. f3 Qc7 8. Qd2
Bb4 9. a3 Bxc3 10. Qxc3 O-O 11. g4 d5 12. g5 Nd7 13. exd5 exd5 14. O-O-O Nde5
15. Bf4 Nd3+ 16. Qxd3 Qxf4+ 17. Qd2 Qxd2+ 18. Rxd2 Re8 19. Kd1 Ne5 20. b3 Bd7
21. Bg2 Ng6 22. h4 Nf4 23. Bf1 Re5 24. Ne2 Rae8 25. Rh2 Bb5 26. a4 Bc6 27. Rd4
Ne6 28. Rd2 d4 29. Rf2 Rd5 30. f4 Red8 1/2-1/2

[Event "34.Gold-Cup 2006 Meran"]
[Site "Meran/Südtirol (21.4.-29.4)"]
[Date "2006.04.22"]
[Round "2.10"]
[White "Otto, Klaus[41Triebes]"]
[Black "Schweitzer, Paul"]
[Result "0-1"]
[WhiteElo "1503"]
[BlackElo "1645"]
[PlyCount "90"]
[EventDate "2006.04.??"]
[Source "Chess-Org"]
[SourceDate "2006.09.01"]

1. e4 c5 2. Nf3 e6 3. d4 cxd4 4. Nxd4 Nf6 5. Bd3 a6 6. a3 Bc5 7. Nb3 Ba7 8. Bg5
d6 9. O-O Nbd7 10. N1d2 b5 11. Qe2 Ne5 12. h3 h6 13. Be3 g5 14. Bxa7 Rxa7 15.
Qe3 Rd7 16. f4 gxf4 17. Qxf4 Qb6+ 18. Qf2 Qxf2+ 19. Rxf2 Nh7 20. Nd4 Bb7 21.
N4f3 f6 22. Nxe5 fxe5 23. Raf1 Rg7 24. Be2 Ng5 25. Bh5+ Kd8 26. Rf8+ Rxf8 27.
Rxf8+ Kc7 28. Kh2 Nxe4 29. Nf3 Ng5 30. Nxg5 Rxg5 31. Bf3 Bxf3 32. Rxf3 e4 33.
Rf6 Re5 34. Kg1 h5 35. g4 hxg4 36. hxg4 Kd7 37. Rg6 d5 38. Kf2 e3+ 39. Ke2 d4
40. Rg7+ Kc6 41. Rg8 Rc5 42. Rc8+ Kd5 43. c4+ Rxc4 44. Rxc4 bxc4 45. g5 e5 0-1

[Event "34.Gold-Cup 2006 Meran"]
[Site "Meran/Südtirol (21.4.-29.4)"]
[Date "2006.04.22"]
[Round "2.11"]
[White "Selkind, Leo"]
[Black "Kuhn, Hans[50]"]
[Result "1/2-1/2"]
[WhiteElo "1814"]
[BlackElo "1317"]
[PlyCount "82"]
[EventDate "2006.04.??"]
[Source "Chess-Org"]
[SourceDate "2006.09.01"]

1. e4 e5 2. Nf3 d6 3. d4 exd4 4. Qxd4 Nf6 5. Bg5 Be7 6. Nc3 O-O 7. Be2 Be6 8.
O-O Nc6 9. Qd2 Ne5 10. Nd4 Nc4 11. Bxc4 Bxc4 12. Rfe1 Re8 13. Nf5 Be6 14. Nxe7+
Qxe7 15. Nd5 Bxd5 16. exd5 Ne4 17. Bxe7 Nxd2 18. Bg5 Ne4 19. Be3 Re7 20. f3 Nf6
21. c4 Rae8 22. Kf2 a6 23. Bd4 Rxe1 24. Rxe1 Rxe1 25. Kxe1 Nd7 26. f4 f5 27.
Ke2 g6 28. b4 Kf7 29. Kd3 c5 30. bxc5 Nxc5+ 31. Bxc5 dxc5 32. Kc3 Ke7 33. Kb3
Kd6 34. a4 a5 35. Kc3 h6 36. h4 h5 37. Kd3 Ke7 38. Ke3 Kf6 39. Kf3 Ke7 40. Kg3
Kd6 41. Kf3 Ke7 1/2-1/2

[Event "34.Gold-Cup 2006 Meran"]
[Site "Meran/Südtirol (21.4.-29.4)"]
[Date "2006.04.22"]
[Round "2.12"]
[White "Wagner, Gerhard[50Windach]"]
[Black "Meinke, Dietlind"]
[Result "0-1"]
[WhiteElo "1399"]
[BlackElo "1745"]
[PlyCount "80"]
[EventDate "2006.04.??"]
[Source "Chess-Org"]
[SourceDate "2006.09.01"]

1. e4 Nc6 2. Bb5 d5 3. e5 Bf5 4. d4 Qd7 5. h3 e6 6. Ne2 a6 7. Ba4 b5 8. Bb3 Na5
9. O-O c5 10. c3 Ne7 11. Be3 Nec6 12. Nd2 Nc4 13. Nxc4 dxc4 14. Bc2 cxd4 15.
Nxd4 Bxc2 16. Qxc2 Nxe5 17. Qe4 Qd5 18. Qxd5 exd5 19. Rfe1 Nd3 20. Re2 Kd7 21.
Rd1 g6 22. g4 Bg7 23. Kg2 Rhe8 24. Nf3 Nf4+ 25. Bxf4 Rxe2 26. Rxd5+ Ke8 27. Bd2
Rd8 28. Rxd8+ Kxd8 29. Kf1 Re7 30. Be3 Rd7 31. a3 Rd1+ 32. Ke2 Rb1 33. Ng5
Rxb2+ 34. Kd1 Bxc3 35. Nxf7+ Ke7 36. Ng5 Be5 37. Nxh7 Bd6 38. Bd4 Ra2 39. f4
Bxf4 40. Nf6 Rd2+ 0-1

[Event "34.Gold-Cup 2006 Meran"]
[Site "Meran/Südtirol (21.4.-29.4)"]
[Date "2006.04.23"]
[Round "3.1"]
[White "Krieger, Hermann"]
[Black "Graf, Joachim[60]"]
[Result "1/2-1/2"]
[WhiteElo "2155"]
[BlackElo "2036"]
[PlyCount "65"]
[EventDate "2006.04.??"]
[Source "Chess-Org"]
[SourceDate "2006.09.01"]

1. e4 c5 2. Nf3 Nc6 3. d4 cxd4 4. Nxd4 Nf6 5. Nc3 e5 6. Ndb5 d6 7. Bg5 a6 8.
Na3 Be6 9. Nc4 Rc8 10. Bxf6 gxf6 11. Ne3 Bh6 12. Ncd5 Bxe3 13. Nxe3 Qa5+ 14. c3
O-O 15. Bd3 Ne7 16. Qf3 Ng6 17. g3 Kg7 18. h4 Ne7 19. O-O Qc7 20. Rfd1 Rcd8 21.
Bc2 Qc6 22. Qh5 h6 23. Rd2 b5 24. a3 Rg8 25. Kh2 Bc8 26. Rad1 Qd7 27. g4 Qe6
28. Nf5+ Nxf5 29. gxf5 Qc4 30. Bd3 Qc7 31. Bb1 Kh7 32. Ba2 Rg7 33. Rg1 1/2-1/2

[Event "34.Gold-Cup 2006 Meran"]
[Site "Meran/Südtirol (21.4.-29.4)"]
[Date "2006.04.23"]
[Round "3.2"]
[White "Kleifges, Matthias Dr.[63]"]
[Black "Klages, Hans Juergen"]
[Result "0-1"]
[WhiteElo "1996"]
[BlackElo "2051"]
[PlyCount "84"]
[EventDate "2006.04.??"]
[Source "Chess-Org"]
[SourceDate "2006.09.01"]

1. e4 c5 2. c3 e6 3. d4 d5 4. exd5 exd5 5. Nf3 Nc6 6. Bb5 Bd6 7. O-O Nge7 8.
dxc5 Bxc5 9. Nbd2 O-O 10. Nb3 Bd6 11. Bg5 Bg4 12. Re1 a6 13. Bxc6 bxc6 14. Nbd4
f6 15. Bh4 Qd7 16. Bg3 Rfe8 17. Bxd6 Qxd6 18. h3 Bd7 19. Qd2 a5 20. Rad1 a4 21.
b4 axb3 22. axb3 c5 23. Ne2 Be6 24. c4 d4 25. Nc3 Bf5 26. Nb5 Qb6 27. b4 d3 28.
Qf4 cxb4 29. Rxe7 Rxe7 30. Qxf5 Ra2 31. Qd5+ Kf8 32. Nfd4 d2 33. c5 Re1+ 34.
Kh2 Qxb5 35. Ne6+ Ke7 36. Qd6+ Kf7 37. Nd8+ Ke8 38. Rxd2 Rxd2 39. Qxd2 Qe2 40.
Qd5 Qe5+ 41. Qxe5+ fxe5 42. Ne6 b3 0-1

[Event "34.Gold-Cup 2006 Meran"]
[Site "Meran/Südtirol (21.4.-29.4)"]
[Date "2006.04.23"]
[Round "3.3"]
[White "Jacob, Konrad"]
[Black "Wulf, Adalbert"]
[Result "1/2-1/2"]
[WhiteElo "1772"]
[BlackElo "1755"]
[PlyCount "56"]
[EventDate "2006.04.??"]
[Source "Chess-Org"]
[SourceDate "2006.09.01"]

1. e4 d6 2. d4 Nf6 3. Bd3 g6 4. Ne2 Bg7 5. O-O O-O 6. c4 e5 7. d5 a5 8. Nbc3
Na6 9. Bg5 Nc5 10. Bc2 Bd7 11. Qd2 Qc8 12. Bh6 Ng4 13. Bxg7 Kxg7 14. f3 Nh6 15.
a3 Na6 16. Ng3 Qd8 17. Nce2 b6 18. Rf2 Nc5 19. h3 f5 20. exf5 Nxf5 21. Raf1 Qh4
22. Bxf5 Bxf5 23. Nxf5+ Rxf5 24. Qc3 a4 25. Kh2 Raf8 26. g3 Qe7 27. Nf4 Kg8 28.
Nd3 Nxd3 1/2-1/2

[Event "34.Gold-Cup 2006 Meran"]
[Site "Meran/Südtirol (21.4.-29.4)"]
[Date "2006.04.23"]
[Round "3.4"]
[White "Kelchner, Hans"]
[Black "Muscolino, Attilio"]
[Result "1-0"]
[WhiteElo "2019"]
[BlackElo "1797"]
[PlyCount "119"]
[EventDate "2006.04.??"]
[Source "Chess-Org"]
[SourceDate "2006.09.01"]

1. d4 Nf6 2. c4 g6 3. Nc3 Bg7 4. e4 d6 5. Be2 O-O 6. Nf3 Nbd7 7. Bg5 c6 8. Qd2
Re8 9. O-O Qc7 10. h3 a5 11. Rfd1 e5 12. d5 cxd5 13. Nxd5 Nxd5 14. cxd5 Nc5 15.
Qc2 Bd7 16. b3 Rac8 17. Rac1 h6 18. Be3 Qb8 19. Qb1 b6 20. Nd2 Bf8 21. Nc4 Kh7
22. Bg4 Bxg4 23. hxg4 Nd7 24. Qd3 Be7 25. Qd2 Bf8 26. g3 Qb7 27. Kg2 Nf6 28. f3
b5 29. Nxa5 Qa6 30. Nc6 Ng8 31. Rh1 Ra8 32. Rc2 f6 33. g5 h5 34. g4 fxg5 35.
Bxg5 Bh6 36. gxh5 Bg7 37. Kg1 Qb6+ 38. Be3 Qb7 39. Qh2 g5 40. Bxg5 Qf7 41. h6
Bf6 42. Qh4 Qg6 43. Rg2 Rxa2 44. Rxa2 Bxg5 45. Qg4 Bxh6 46. Rxh6+ Nxh6 47. Ra7+
Nf7 48. Qxg6+ Kxg6 49. Ne7+ Kg5 50. Nf5 Rf8 51. Kf2 Kf6 52. Rb7 Kg6 53. Rxb5
Nh6 54. Nxh6 Kxh6 55. Rb7 Rd8 56. Ke3 Kg6 57. b4 Kf6 58. b5 Kg6 59. b6 Kf6 60.
Rc7 1-0

[Event "34.Gold-Cup 2006 Meran"]
[Site "Meran/Südtirol (21.4.-29.4)"]
[Date "2006.04.23"]
[Round "3.5"]
[White "Schweitzer, Paul"]
[Black "Siegmund, Rainer"]
[Result "0-1"]
[WhiteElo "1645"]
[BlackElo "2033"]
[PlyCount "96"]
[EventDate "2006.04.??"]
[Source "Chess-Org"]
[SourceDate "2006.09.01"]

1. Nf3 c5 2. b3 Nf6 3. Bb2 e6 4. g3 b6 5. d3 d5 6. Nbd2 Bb7 7. Bg2 Nbd7 8. O-O
Qc7 9. Rc1 Be7 10. Ba3 b5 11. Re1 Qa5 12. Bb2 Qxa2 13. Be5 Qa5 14. Ra1 Qb6 15.
c4 O-O 16. h3 Rfd8 17. cxb5 Nxe5 18. Nxe5 Qxb5 19. Qb1 Nd7 20. Nef3 Nb6 21. d4
Bf6 22. e3 Rdc8 23. Ne5 Bxe5 24. dxe5 Nd7 25. f4 Qb4 26. Nf3 Bc6 27. f5 exf5
28. Qxf5 Nf8 29. Rxa7 Rxa7 30. Qxc8 Bb7 31. Qd8 d4 32. e4 Ra8 33. Qe7 Ne6 34.
Rf1 Rf8 35. Ng5 Nxg5 36. Qxg5 Qxb3 37. Rf3 d3 38. Rf2 Bc8 39. h4 c4 40. h5 h6
41. Qe3 Be6 42. Qd4 Qd1+ 43. Kh2 Qxh5+ 44. Kg1 Qg5 45. Kh2 Rd8 46. Qa1 Qh5+ 47.
Kg1 d2 48. Bf3 d1=Q+ 0-1